Bibliografìa de y sobre literatura chilena /
Uloženo v:
| Hlavní autor: | |
|---|---|
| Médium: | Neznámo |
| Jazyk: | Spanish |
| Vydáno: |
San Josè, Costa Rica,
1994.
|
| Témata: | |
| Tagy: |
Přidat tag
Žádné tagy, Buďte první, kdo vytvoří štítek k tomuto záznamu!
|
MARC
| LEADER | 000000000a22000000004500 | ||
|---|---|---|---|
| 001 | 002086 | ||
| 041 | 0 | |a spa | |
| 082 | 0 | 4 | |a R M860.9 |b T787b |
| 100 | 1 | |a Trejos, Elizabeth | |
| 245 | 1 | 0 | |a Bibliografìa de y sobre literatura chilena / |c Elizabeth Trejos. |
| 260 | 1 | |a San Josè, Costa Rica, |c 1994. | |
| 650 | 4 | |a LITERATURA MEXICANA | |
| 650 | 4 | |a CHICANOS | |
| 650 | 4 | |a MEXICANOS EN ESTADOS UNIDOS | |
| 999 | |c 8686 |d 8686 | ||
| 942 | |c BK |h R M860.9 T787b |2 z | ||
